Финансовая политика горных компаний: учебное пособие

Bibliographische Detailangaben
1. Verfasser: Пучков А. Л. Алексей Львович
Zusammenfassung:Рассмотрен комплекс вопросов, определяющих финансы предприятий горнодобывающего производства, вопросы управления ими, методы их экономической оценки, финансовые ресурсы горных предприятий и результаты их использования в процессе добычи полезных ископаемых; а также методы оценки эффективности реализации инвестиционных проектов, внедрения новой техники и другие актуальные вопросы. Для студентов, обучающихся по направлению «Экономика» и специальности «Финансы и кредит».
Sprache:Russisch
Veröffentlicht: Москва, Горная книга, 2013
Schriftenreihe:Экономика и управление
Schlagworte:
Format: MixedMaterials Buch
KOHA link:https://koha.lib.tpu.ru/cgi-bin/koha/opac-detail.pl?biblionumber=233008

MARC

LEADER 00000nam0a2200000 4500
001 233008
005 20231101231220.0
010 |a 9785986723402 
035 |a (RuTPU)RU\TPU\book\254071 
090 |a 233008 
100 |a 20130225d2013 m y0rusy50 ca 
101 0 |a rus 
102 |a RU 
105 |a y j 001zy 
200 1 |a Финансовая политика горных компаний  |e учебное пособие  |f А. Л. Пучков 
210 |a Москва  |c Горная книга  |d 2013 
215 |a 166 с. 
225 1 |a Экономика и управление 
320 |a Библиогр.: с. 160-163. 
320 |a Глоссарий: с. 148-159. 
330 |a Рассмотрен комплекс вопросов, определяющих финансы предприятий горнодобывающего производства, вопросы управления ими, методы их экономической оценки, финансовые ресурсы горных предприятий и результаты их использования в процессе добычи полезных ископаемых; а также методы оценки эффективности реализации инвестиционных проектов, внедрения новой техники и другие актуальные вопросы. Для студентов, обучающихся по направлению «Экономика» и специальности «Финансы и кредит». 
606 1 |a Горная промышленность, предприятия  |x Финансовая работа  |2 stltpush  |3 (RuTPU)RU\TPU\subj\7512  |9 35141 
610 1 |a горные компании 
610 1 |a предпринимательство 
610 1 |a финансовое обеспечение 
610 1 |a финансовая политика 
610 1 |a финансовое планирование 
610 1 |a капитал 
610 1 |a стоимость 
610 1 |a бюджетирование 
610 1 |a учебные пособия 
675 |a 622.012:658(075.8)  |v 3 
700 1 |a Пучков  |b А. Л.  |g Алексей Львович 
801 1 |a RU  |b 63413507  |c 20130225 
801 2 |a RU  |b 63413507  |c 20150619  |g RCR 
900 |a Экономика и организация геологоразведочных работ 
942 |c BK 
951 |b 080100  |b 080300 
959 |a 27/20130207  |d 2  |e 250,00  |f ЧЗТЛ:1  |f АНЛ:1